Welcome to CU Library Online Public Access Catalogue (OPAC)

The economics of labor markets / (Record no. 6858)

MARC details
000 -LEADER
fixed length control field 01274cam a2200325 a 4500
001 - CONTROL NUMBER
control field 203123
003 - CONTROL NUMBER IDENTIFIER
control field cu123
005 - DATE AND TIME OF LATEST TRANSACTION
control field 20250708114745.0
008 - FIXED-LENGTH DATA ELEMENTS--GENERAL INFORMATION
fixed length control field 990416s2000 txua b 001 0 eng
010 ## - LIBRARY OF CONGRESS CONTROL NUMBER
LC control number 99062812
020 ## - INTERNATIONAL STANDARD BOOK NUMBER
International Standard Book Number 0030176387
040 ## - CATALOGING SOURCE
Original cataloging agency DLC
Transcribing agency DLC
Modifying agency DLC
050 00 - LIBRARY OF CONGRESS CALL NUMBER
Classification number HD4901
Item number .K29 2000
082 00 - DEWEY DECIMAL CLASSIFICATION NUMBER
Classification number 331
Edition information 21
100 1# - MAIN ENTRY--PERSONAL NAME
Personal name Kaufman, Bruce E.
245 14 - TITLE STATEMENT
Title The economics of labor markets /
Statement of responsibility, etc. Bruce E. Kaufman, Julie L. Hotchkiss.
250 ## - EDITION STATEMENT
Edition statement 5th ed.
260 ## - PUBLICATION, DISTRIBUTION, ETC.
Place of publication, distribution, etc. Fort Worth :
Name of publisher, distributor, etc. Dryden Press,
Date of publication, distribution, etc. c2000.
300 ## - PHYSICAL DESCRIPTION
Extent xxxiii, 718 p. :
Other physical details ill. ;
Dimensions 25 cm.
440 #4 - SERIES STATEMENT/ADDED ENTRY--TITLE
Title The Dryden Press series in economics
504 ## - BIBLIOGRAPHY, ETC. NOTE
Bibliography, etc. note Includes bibliographical references and index.
650 #0 - SUBJECT ADDED ENTRY--TOPICAL TERM
Topical term or geographic name entry element Labor economics.
700 1# - ADDED ENTRY--PERSONAL NAME
Personal name Hotchkiss, Julie L.
856 42 - ELECTRONIC LOCATION AND ACCESS
Materials specified Contributor biographical information
Uniform Resource Identifier <a href="http://www.loc.gov/catdir/enhancements/fy1514/99062812-b.html">http://www.loc.gov/catdir/enhancements/fy1514/99062812-b.html</a>
856 42 - ELECTRONIC LOCATION AND ACCESS
Materials specified Publisher description
Uniform Resource Identifier <a href="http://www.loc.gov/catdir/enhancements/fy1514/99062812-d.html">http://www.loc.gov/catdir/enhancements/fy1514/99062812-d.html</a>
856 41 - ELECTRONIC LOCATION AND ACCESS
Materials specified Table of contents only
Uniform Resource Identifier <a href="http://www.loc.gov/catdir/enhancements/fy1514/99062812-t.html">http://www.loc.gov/catdir/enhancements/fy1514/99062812-t.html</a>
906 ## - LOCAL DATA ELEMENT F, LDF (RLIN)
a 7
b cbc
c orignew
d 3
e opcn
f 19
g y-gencatlg
942 ## - ADDED ENTRY ELEMENTS (KOHA)
Source of classification or shelving scheme Library of Congress Classification
Koha item type Books
Suppress in OPAC No
Holdings
Withdrawn status Lost status Source of classification or shelving scheme Damaged status Not for loan Collection Home library Current library Shelving location Date acquired Total checkouts Full call number Barcode Date last seen Copy number Price effective from Koha item type
    Library of Congress Classification     Non-fiction Graduate Library (Christ Temple) Graduate Library (Christ Temple) General stacks 07/08/2025   HD 4901 KAU GSCT00001721 07/08/2025 1 07/08/2025 Books
© 2023-2024 Copyright: Central University Libraries. All Rights Reserved | Created by: Mahone Tech Office